| 000 | 00722nam a22001457a 4500 | ||
|---|---|---|---|
| 003 | OSt | ||
| 005 | 20150905144720.0 | ||
| 008 | 150905b xxu||||| |||| 00| 0 eng d | ||
| 040 | _cRUA | ||
| 082 | _aAGR ផេង 1992 B003 Or.1 | ||
| 100 |
_937 _aផេង សុភា |
||
| 245 | _aសិក្សាពីប្រសិទ្ធិភាពនៃការធ្វើសំណាក ក្នុងការប្រមូលទិន្នន័យ អំពីទិន្នផល និងទិន្នភាពនានា នាការពិសោធន៍ប្រៀបធៀបដោយពូជស្រូវស្រាល | ||
| 300 |
_a29p. _bill. _c29cm. |
||
| 942 |
_2ddc _cAGR |
||
| 999 |
_c36 _d36 |
||